000 00571nam a2200217Ia 4500
003 OSt
005 20220928140541.0
006 a|||||r|||| 00| 0
007 ta
008 220927b |||||||| |||| 00| 0 eng d
024 _a9311
037 _cTextual
040 _aSDCL
_cSDCL
_beng
041 _2eng
_aeng
082 _aO-,3L21aN5, K9
100 _aKorte Donald M
_9495815
245 0 _aAnnotated bibliography of Smollett scholarship 1946-68.
260 _c1969
942 _hO-,3L21aN5, K9
_cTEXL
_2CC
999 _c812059
_d812059